Jakiego Kraju To Flaga? - Statystyki

Ogólne statystyki
  • Ten quiz został rozwiązany 121 razy
  • Średni wynik to 11 z 15
Statystyki odpowiedzi
Obrazkowy Odpowiedź % Poprawnych
Andora
91%
Liechtenstein
83%
Sri Lanka
83%
Angola
80%
Dominikana
80%
Paragwaj
79%
Kirgistan
77%
Somalia
74%
Madagaskar
72%
Tonga
65%
Boliwia
60%
Nauru
60%
Namibia
55%
Lesotho
53%
Wyspy Salomona
44%
Nie znaleziono quizów pasujących do podanych kryteriów
Rozkład punktacji
Procent ludzi z każdym wynikiem
Percentyl według liczby udzielonych odpowiedzi
Twoja historia wyników
Nie rozwiązałeś tego quizu